LEADER 01317nam0 22003373i 450 001 UBO2839420 005 20231121125859.0 010 $a2070414965 100 $a20160219d2000 ||||0itac50 ba 101 | $afre 102 $afr 181 1$6z01$ai $bxxxe 182 1$6z01$an 200 1 $a˜Un œcoeur simple$fGustave Flaubert$gsuivi de L'"affaire Lemoine" par Gustave Flaubert 210 $aParis$cGallimard$ddepot legal 2000 215 $a177 p.$cill.$d18 cm. 225 | $a˜La œbibliothèque Gallimard$v58 410 0$1001VIA0073043$12001 $a˜La œbibliothèque Gallimard$v58 423 0$12001 $a˜L'œaffaire Lemoine par Gustave Flaubert$fMarcel Proust.$1700 1$aProust$b, Marcel$3CFIV007392$4070 700 1$aFlaubert$b, Gustave$3CFIV000314$4070$0142392 702 1$aDieuleveult$b, Juliette : de$3UBOV015754 790 0$aPhl?mper$3PUVV339410$zFlaubert, Gustave 790 0$aFlober$3PUVV339411$zFlaubert, Gustave 801 3$aIT$bIT-01$c20160219 850 $aIT-FR0017 899 $aBiblioteca umanistica Giorgio Aprea$bFR0017 $eN 912 $aUBO2839420 950 0$aBiblioteca umanistica Giorgio Aprea$d 52MAG 1/2905$e 52LLC0000044585 VMB RS $fA $h20181112$i20181112 977 $a 52 996 $aCoeur simple$9200073 997 $aUNICAS